MARC
| LEADER | 00000 a a2200000 04500 | ||
|---|---|---|---|
| 001 | 45545 | ||
| 003 | |||
| 040 | |a CRAI/IIS |c CRAI/IIS | ||
| 245 | |a Conflictos de Baja Intensidad | ||
| 500 | |a Antes se llamaba: ALAI SERVICIO MENSUAL DE INFORMACION Y DOCUMENTACION | ||
| 650 | |a CONFLICTOS POLITICOS | ||
| 650 | |a MILITARISMO | ||
| 650 | |a AMERICA CENTRAL | ||
| 650 | |a ESTADOS UNIDOS | ||
| 773 | |g volumen10, número86 ( Diciembre, 1986), Págs. 11 | ||
| 999 | |c 18237 |d 18237 | ||
